| Tag |
First Indicator |
Second Indicator |
Subfields |
| LEADER |
00000cam a2200000 a 4500 |
| 001 |
in00000078189 |
| 005 |
20151008060653.0 |
| 008 |
700803s1970 mau b 00010 engm |
| 010 |
|
|
|a 78103475
|
| 035 |
|
|
|a (OCoLC)00091082
|
| 035 |
|
|
|9 AAJ6296AM
|
| 040 |
|
|
|a DLC
|c DLC
|d m.c.
|d TXA
|d UtOrBLW
|
| 043 |
|
|
|a n-us---
|
| 049 |
|
|
|a TXAM
|c [1196484]
|
| 050 |
0 |
0 |
|a HN57
|b .J245
|
| 082 |
0 |
|
|a 301.3/4/0973
|
| 100 |
1 |
|
|a Jackson, John Brinckerhoff,
|d 1909-1996.
|
| 245 |
1 |
0 |
|a Landscapes :
|b selected writings of J.B. Jackson /
|c edited by Ervin H. Zube.
|
| 264 |
|
1 |
|a [Amherst?] :
|b University of Massachusetts Press,
|c 1970.
|
| 300 |
|
|
|a 160 pages ;
|c 22 cm.
|
| 336 |
|
|
|a text
|b txt
|2 rdacontent
|
| 337 |
|
|
|a unmediated
|b n
|2 rdamedia
|
| 338 |
|
|
|a volume
|b nc
|2 rdacarrier
|
| 500 |
|
|
|a Includes essays and notes from Landscape, published 1951-1968 and several lectures presented at the University of Massachusetts, 1965-1966.
|
| 504 |
|
|
|a Includes bibliographical references.
|
| 505 |
0 |
|
|a Jefferson, Thoreau & after -- The westward-moving house -- Several American landscapes -- Other-directed houses -- Life-worship -- The imitation of nature -- Images of the city -- The stranger's path -- Two street scenes -- The many guises of suburbia -- The almost perfect town -- To pity the plumage and forget the dying bird -- The social landscape -- The public landscape.
|
| 650 |
|
0 |
|a Landscape assessment
|z United States.
|
| 651 |
|
0 |
|a United States
|x Social conditions.
|
| 651 |
|
0 |
|a United States
|x Rural conditions.
|
| 700 |
1 |
|
|a Zube, Ervin H.
|
| 730 |
0 |
|
|a Landscape; magazine of human geography.
|
| 999 |
|
|
|a MARS
|
| 999 |
f |
f |
|s e63f7b8f-6d7c-3fb3-8b52-b28faddf8f76
|i fe77e456-5238-35ea-b157-a9113cf421b6
|t 0
|
| 952 |
f |
f |
|p ric
|a Texas A&M University
|b Rellis Campus
|c Joint Library Facility
|d Remote Storage
|t 0
|e HN57 .J245
|h Library of Congress classification
|i unmediated -- volume
|m A14806140368
|
| 998 |
f |
f |
|a HN57 .J245
|t 0
|l Remote Storage
|